[Event "Let's Play Chess!"]
[Site "http://www.queenalice.com/game.php?id=922483"]
[Date "2011.4.7"]
[Round "-"]
[White "Scaracioli"]
[Black "eduardops"]
[Result "1-0"]
[WhiteElo "1677"]
[BlackElo "1100"]

1. e4 e5 2. a3 h6 3. Nf3 a6 4. d4 exd4 5. Qxd4 d6 6. c4 Ne7 7. Bd3 c6 8. Bf4
Qa5+ 9. b4 Qd8 10. c5 Ng6 11. Bxd6 Bxd6 12. Qxg7 Bf8 13. Qb2 Nf4 14. Bf1 Rg8 15.
g3 Nh3 16. Bxh3 Bxh3 17. Rg1 f6 18. Nbd2 Qe7 19. O-O-O Qd8 20. Nc4 Rg4 21. Rxd8+
Kxd8 22. Qxf6+ Kc7 23. Qe5+ Kd8 24. Nb6 Ra7 25. Rd1+ Nd7 26. Rxd7# 1-0

[Event "Invicto a zero jogos!!"]
[Site "http://www.queenalice.com/game.php?id=922932"]
[Date "2011.4.7"]
[Round "-"]
[White "edgarmribeiro"]
[Black "eduardops"]
[Result "1-0"]
[WhiteElo "1280"]
[BlackElo "962"]

1. e4 e5 2. Bc4 c6 3. Qf3 f6 4. d3 Nh6 5. Bxh6 gxh6 6. Qh5+ Ke7 7. Ne2 Qa5+ 8.
c3 Kd8 9. O-O Rg8 10. Bxg8 b6 11. Qf7 1-0

[Event "Let's Play Chess!"]
[Site "http://www.queenalice.com/game.php?id=926111"]
[Date "2011.4.15"]
[Round "-"]
[White "Scharlatan"]
[Black "eduardops"]
[Result "1-0"]
[WhiteElo "2025"]
[BlackElo "989"]

1. e4 e5 2. f4 c5 3. Nf3 h5 4. Bc4 exf4 5. O-O a5 6. d4 Nc6 7. Bxf4 Nxd4 8. Nxd4
cxd4 9. Qxd4 Nf6 10. Bg5 Be7 11. Nc3 Rb8 12. e5 b6 13. Qf4 Rg8 14. exf6 gxf6 15.
Bxf6 Bxf6 16. Qxf6 Qxf6 17. Rxf6 Rg7 18. Raf1 Bb7 19. Bxf7+ Kd8 20. Bd5 Ba6 21.
Rf8+ Kc7 22. Rxb8 Kxb8 23. Rf8+ Kc7 24. Ra8 Bb7 25. Ra7 Rxg2+ 26. Kxg2 Kd8 27.
Rxb7 h4 28. Na4 b5 29. Rxb5 d6 30. Rxa5 1-0

[Event "Let's Play Chess!"]
[Site "http://www.queenalice.com/game.php?id=926114"]
[Date "2011.4.15"]
[Round "-"]
[White "Scharlatan"]
[Black "eduardops"]
[Result "1-0"]
[WhiteElo "2027"]
[BlackElo "989"]

1. e4 b5 2. d4 Nc6 3. Bxb5 Nb4 4. c3 Nc6 5. f4 Na5 6. Nf3 c6 7. Bd3 d6 8. O-O h5
9. e5 dxe5 10. fxe5 Bg4 11. h3 Be6 12. Ng5 Bd5 13. e6 fxe6 14. Nf7 Qd7 15. Nxh8
Nf6 16. Bg6+ Kd8 17. Nf7+ Ke8 18. Ne5+ Kd8 19. Nxd7 Kxd7 20. Nd2 h4 21. b3 Rb8
22. c4 Bxg2 23. Kxg2 Rc8 24. Bb2 Ng8 25. Ne4 Kc7 26. Nc5 Rb8 27. Na6+ Kb7 28.
Nxb8 Kxb8 29. Rxf8+ Kc7 30. Rxg8 1-0

[Event "Let's Play Chess!"]
[Site "http://www.queenalice.com/game.php?id=926191"]
[Date "2011.4.15"]
[Round "-"]
[White "eduardops"]
[Black "Ysolde"]
[Result "0-1"]
[WhiteElo "1100"]
[BlackElo "1136"]

1. g4 d5 2. h4 Bxg4 3. c3 e5 4. Qa4+ Bd7 5. Qb3 Nf6 6. Qxb7 Bc6 7. Qb3 d4 8. Rh3
dxc3 9. Qxc3 e4 10. d4 a5 11. Rg3 Bb4 12. Qxb4 axb4 13. Rxg7 Qxd4 14. Bg5 Ng4
15. e3 Qxb2 16. Bc4 Qxa1 17. Rxf7 Qxb1+ 18. Ke2 Qc2+ 19. Kf1 Qxc4+ 20. Kg2 Qxf7
0-1

[Event "Let's Play Chess!"]
[Site "http://www.queenalice.com/game.php?id=926210"]
[Date "2011.4.15"]
[Round "-"]
[White "tucuman"]
[Black "eduardops"]
[Result "1-0"]
[WhiteElo "1586"]
[BlackElo "1100"]

1. e4 g5 2. c4 h5 3. d3 Nc6 4. Bxg5 Rh7 5. a3 Rg7 6. Bd2 Rg6 7. h3 b6 8. Nf3 e5
9. Nc3 Nf6 10. Bg5 Rxg5 11. Nxg5 Qe7 12. Be2 1-0

[Event "Let's Play Chess!"]
[Site "http://www.queenalice.com/game.php?id=926211"]
[Date "2011.4.15"]
[Round "-"]
[White "tucuman"]
[Black "eduardops"]
[Result "1-0"]
[WhiteElo "1584"]
[BlackElo "1100"]

1. e4 a5 2. c4 g5 3. d3 c5 4. h3 e5 5. a3 Nc6 6. Nf3 f6 7. g4 h6 8. Nc3 a4 9.
Nxa4 b6 10. Nc3 Nge7 11. Nb5 Ng6 12. Be2 d6 13. Bd2 1-0

[Event "Let's Play Chess!"]
[Site "http://www.queenalice.com/game.php?id=926212"]
[Date "2011.4.15"]
[Round "-"]
[White "tucuman"]
[Black "eduardops"]
[Result "1-0"]
[WhiteElo "1588"]
[BlackElo "1100"]

1. e4 g5 2. c4 e5 3. d3 Nf6 4. h3 a5 5. a3 Bc5 6. Bxg5 Rg8 7. Bd2 c6 8. Nf3 h5
9. Nc3 Na6 10. Nxe5 d6 11. Nf3 Ra7 12. Be2 1-0

[Event "Let's Play Chess!"]
[Site "http://www.queenalice.com/game.php?id=926213"]
[Date "2011.4.15"]
[Round "-"]
[White "tucuman"]
[Black "eduardops"]
[Result "1-0"]
[WhiteElo "1590"]
[BlackElo "1100"]

1. e4 e5 2. c4 c5 3. d3 h5 4. h3 d6 5. a3 g5 6. Be2 f6 7. Bxh5+ Kd7 8. Nc3 Qe8
9. Bxe8+ Kxe8 10. Nf3 a5 11. g4 b6 12. Bd2 1-0

[Event "Challenge"]
[Site "http://www.queenalice.com/game.php?id=926224"]
[Date "2011.4.15"]
[Round "-"]
[White "Scaracioli"]
[Black "eduardops"]
[Result "1-0"]
[WhiteElo "1615"]
[BlackElo "989"]

1. e4 a5 2. d4 Ra6 3. d5 Rb6 4. f4 Rf6 5. e5 Rb6 6. c4 g6 7. g4 Nh6 8. h3 Na6 9.
b3 d6 10. Bd3 dxe5 11. fxe5 Nc5 12. Be3 Nxd3+ 13. Qxd3 e6 14. Bxb6 cxb6 15. Nd2
g5 16. Ndf3 Bb4+ 17. Kf2 Bc5+ 18. Nd4 exd5 19. Nf3 Nxg4+ 20. hxg4 Bxg4 21. Raf1
dxc4 22. bxc4 h5 23. Ke3 a4 24. Nh2 Qc7 25. Nxg4 Rf8 26. Rxh5 Qd7 27. Nf6+ Kd8
28. Nxd7 Kxd7 29. Rxg5 Re8 30. Rxf7+ Kc8 31. Qf5+ Kb8 32. Ke4 Rd8 33. Rf8 Bxd4
34. Rxd8+ Ka7 35. Kxd4 b5 36. Qc8 bxc4 37. Qa8+ Kb6 38. Rg6+ Kb5 39. Qxb7+ Ka5
40. Ra6# 1-0

[Event "Challenge"]
[Site "http://www.queenalice.com/game.php?id=932717"]
[Date "2011.5.1"]
[Round "-"]
[White "soudeDeus"]
[Black "eduardops"]
[Result "1-0"]
[WhiteElo "1406"]
[BlackElo "989"]

1. Nf3 f5 2. Nc3 a5 3. e3 c5 4. b3 Nh6 5. d4 b6 6. dxc5 bxc5 7. g3 Ng4 8. Bg2 h5
9. Nd2 Ra7 10. h3 Ne5 11. Nb5 Rb7 12. Bxb7 Bxb7 13. Rg1 Ba6 14. a4 d5 15. f3 1-0

[Event "Challenge"]
[Site "http://www.queenalice.com/game.php?id=935669"]
[Date "2011.5.8"]
[Round "-"]
[White "soudeDeus"]
[Black "eduardops"]
[Result "1-0"]
[WhiteElo "1408"]
[BlackElo "989"]

1. g3 g5 2. b3 a5 3. Bb2 f6 4. Bg2 Ra6 5. e3 Bh6 6. Qe2 Rd6 7. f4 gxf4 8. exf4
c5 9. Nh3 Qb6 10. g4 Na6 11. g5 1-0